|
|
|
|
| LEADER |
01209nam a2200277 u 4500 |
| 001 |
10119270 |
| 003 |
upatras |
| 005 |
20220321115438.0 |
| 008 |
160229s2008 gr gre |
| 020 |
|
|
|a 9789607893550
|
| 040 |
|
|
|a ΠΑΝΕΠΙΣΤΗΜΙΟ ΠΑΤΡΑΣ
|c ΠΑΝΕΠΙΣΤΗΜΙΟ ΠΑΤΡΑΣ
|
| 041 |
0 |
|
|a gre
|
| 082 |
0 |
4 |
|a 862.5
|
| 100 |
1 |
|
|a Valle-Inclan, Ramon del,
|d 1866-1936
|4 trl
|9 79774
|
| 245 |
1 |
0 |
|a Το κεφάλι του δράκου
|b θέατρο
|c Ραμόν Δελ Βαγιε-Ινκλαν; μετάφραση Μαρία Χατζηεμμανουήλ
|
| 260 |
|
|
|a Αθήνα
|b Λαγουδέρα
|c 2008
|
| 300 |
|
|
|a 58 σ.
|c 21 εκ.
|
| 490 |
0 |
|
|a Μarina / Λαγουδέρα
|
| 650 |
|
4 |
|a Ισπανικό δράμα
|y 20ός αιώνας
|9 102109
|
| 700 |
1 |
|
|a Χατζηεμμανουήλ, Μαρία
|4 trl
|9 136423
|
| 760 |
0 |
|
|a Marina
|
| 852 |
|
|
|a GR-PaULI
|b ΠΑΤΡΑ
|b ΘΕΑΤΡΟΛΟΓΙΑ
|k ΑΣΧΕ-3
|h 862.5 VAL
|m 010525
|p 025000138112
|t 1
|
| 942 |
|
|
|2 ddc
|c BK15
|
| 952 |
|
|
|0 0
|1 0
|4 0
|6 862_500000000000000_VAL
|7 0
|9 189720
|a THST
|b THST
|d 2016-04-24
|i 010525
|l 0
|o 862.5 VAL
|p 025000138112
|r 2016-04-24 00:00:00
|t 1
|w 2016-04-24
|y BK15
|
| 998 |
|
|
|c ΜΑΝΙΑ
|d 2016-02
|
| 999 |
|
|
|c 116851
|d 116851
|